Famous Brazilians by Picture - Statistics

General Stats
  • This quiz has been taken 136 times
  • The average score is 8 of 16
Answer Stats
Picture Hint Answer % Correct
1940–2022 Pelé
98%
1992– Neymar
87%
1976– Ronaldo
83%
1980– Ronaldinho
78%
1960–1994 Ayrton Senna
69%
1980– Gisele Bündchen
65%
1945– Luiz Inácio Lula da Silva
62%
1981– Adriana Lima
44%
1975– Anderson Silva
41%
1947– Paulo Coelho
33%
1941– Roberto Carlos
33%
1907–2012 Oscar Niemeyer
21%
1981– Alessandra Ambrosio
20%
1983– Alice Braga
15%
1927–1994 Antônio Carlos Jobim
13%
1944–1988 Chico Mendes
10%
No matching quizzes found
Score Distribution
Percent of People with Each Score
Percentile by Number Answered
Your Score History
You have not taken this quiz